000 00273nam a2200121Ia 4500
008 200615s9999||||xx |||||||||||||| ||und||
082 _a4
_bMIC-M
100 _aMICROSOFT
245 0 _aMICROSOFT WINDOWANT SERVER
260 _anew delhi
_c2017
300 _a380
942 _cBK
999 _c30281
_d30281